Gia Định thành thông chí
Đã lưu trong:
| Príomhúdar: | |
|---|---|
| Formáid: | Leabhar |
| Teanga: | Undetermined |
| Foilsithe: |
Đồng Nai
Tổng hợp Đồng Nai
2006
|
| Ábhair: | |
| Clibeanna: |
Cuir Clib Leis
Gan Chlibeanna, Bí ar an gcéad duine leis an taifead seo a chlibeáil!
|
| Thư viện lưu trữ: | Trung tâm Học liệu Trường Đại học Cần Thơ |
|---|
| LEADER | 00695nam a2200217Ia 4500 | ||
|---|---|---|---|
| 001 | CTU_112382 | ||
| 008 | 210402s9999 xx 000 0 und d | ||
| 020 | |c 190000 | ||
| 082 | |a 915.97 | ||
| 082 | |b Đ552 | ||
| 100 | |a Trịnh, Hoài Đức | ||
| 245 | 0 | |a Gia Định thành thông chí | |
| 245 | 0 | |c Trịnh Hoài Đức; Hậu học Lý Việt Dũng dịch và chú giải | |
| 260 | |a Đồng Nai | ||
| 260 | |b Tổng hợp Đồng Nai | ||
| 260 | |c 2006 | ||
| 650 | |a Vietnam,Vietnam | ||
| 650 | |x Description and travel,History | ||
| 650 | |z Gia dinh province,Gia dinh province | ||
| 904 | |i Minh | ||
| 980 | |a Trung tâm Học liệu Trường Đại học Cần Thơ | ||